000 00774nam a2200241 a 4500
001 62741
003 BD-RjUL
005 20211209081122.0
008 170125s1954 enka|||| |||| 001 0 eng d
035 _a(BD-RjUL)62868
040 _aBD-RjUL
_beng
_cBD-RjUL
_dBD-RjUL
041 _aeng
082 _223
_a381.1941
_bJER 1954
100 _aJefferys, James B.
_9186499
245 _aRetail trading in Britain, 1850-1950 /
_cJames B Jefferys.
260 _aCambridge :
_bUniversity Press,
_c1954.
300 _axii, 497 p. :
_bill. ;
_c24 cm.
490 _aNational Institute of Economic and Social Research.; Economic and social studies
500 _aIncludes index.
650 _aRetail trade
_zGreat Britain.
_9186500
650 _aRetail trade.
_9183416
942 _2ddc
_cBK
999 _c62741
_d62741